La funzione dell'orgasmo

Shranjeno v:
Bibliografske podrobnosti
Glavni avtor: Reich Wilhelm
Format: Knjiga
Jezik:neznan ali neveljaven jezik
Izdano: Milano Mondolibri 2000
Oznake: Označite
Brez oznak, prvi označite!

MARC

LEADER 00000nam a2200000Ia 4500
001 260
003 NUMERAZIONE-ORIGINALE-BRESCIA
005 20260206230751.0
008 260206s9999 xx 000 0 und d
100 |a Reich Wilhelm 
245 0 |a La funzione dell'orgasmo 
260 |a Milano 
260 |b Mondolibri 
260 |c 2000 
942 |2 ddc  |c BK  |n 0 
952 |0 0  |1 0  |2 ddc  |4 0  |6 25  |7 0  |9 28460  |a BS  |b BS  |d 2026-02-06  |i 260  |l 0  |o 2-5-*  |r 2026-02-06 22:40:35  |w 2026-02-06  |x [REVISIONARE]  |y BK 
999 |c 24140  |d 24140